1184 1008 1589 1114 1531 1163 1471 1458 1958 1180 1853 1777 1055 1852 1859 1636 1949 1259 1397 1124 1663 1288 1733 1004 1537 1656 1181 1630 1698 1099 1841 1599 1379 1327 1232 1705 1739 1027 1738 1162 1216 1665 1251 1635 1776 1505 1470 1405 1962 1626 1183 1088 1323 1394 1148 1336 1376 1763 1295 1576 1132 1688 1184 1452 1825 1340 1408 1931 1545 1793 1883 1058 1130 1886 1219 1497 1541 1955 1277 1872 1484 1110 1640 1624 1366 1879 1546 1507 1758 1102 1854 1328 1784 1120 1689 1162 1203 1065 1313 BCNSPRNW ULIB Ver.6.0+V

เปลี่ยนเป็นภาษาไทย

Change to English
 แสดงรายละเอียดบรรณานุกรม
  กลับหน้าหลัก

Brief Record : Get Marc (ISO 2709) : E-mail record : QR code < ปิดหน้าต่าง
LEADER : 00000nam 2200000uu 4500
001    13399111330
003     ULIB
008    110622s2551||||th 000 0 tha d
020    9789740321828
060  4 QU50^bส739ช
100 0  สุกัญญา สุนทรส
245 10 ชีวโมเลกุล /^cสุกัญญา สุนทรส, วิเชียร ริมพณิชยกิจ
250    พิมพ์ครั้งที่ 2 ;^bฉบับปรับปรุงแก้ไข
260    กรุงเทพฯ :^bสำนักพิมพ์แห่งจุฬาลงกรณ์มหาวิทยาลัย,^c2551
300    [13], 366 หน้า :^bภาพประกอบ ;^c26 ซม.
650  7 ชีวโมเลกุล
650  7 ชีวเคมี
700 0  วิเชียร ริมพณิชยกิจ
945    ^p250^l0^i14942
945    ^p250^l0^i14960
945    ^p250^l0^i14941
995    กัณชพร
999 ^a ใช้งานได้ทุกระบบ
รายการนี้ยังไม่มีแท็ก
คุณยังไม่ได้ล็อกอิน คุณสามารถมีกิจกรรมร่วมกับเว็บไซต์ได้ แต่ต้องล็อกอินก่อน ::
  ล็อกอิน

รายการสื่อสารสนเทศ

ลำดับที่ ประเภท เลขเรียก/บาร์โค้ด สถานที่ สถานะ
1. วิทยาศาสตร์การแพทย์ และสุขภาพ
วิทยาศาสตร์การแพทย์ และสุขภาพ
QU50 ส739ช  
  Barcode: 14941
ห้องสมุดวิทยาเขตสวรรค์ประชารักษ์
►ส่วนจัดเก็บหนังสือเก่า สปร
บนชั้น
  ขอยืม
2. วิทยาศาสตร์การแพทย์ และสุขภาพ
วิทยาศาสตร์การแพทย์ และสุขภาพ
QU50 ส739ช ฉ.3 
  Barcode: 14960
ห้องสมุดวิทยาเขตสวรรค์ประชารักษ์
►ส่วนจัดเก็บหนังสือเก่า สปร
บนชั้น
  ขอยืม

รายการใกล้เคียง
    ผู้แต่ง [สุกัญญา สุนทรส]

    หัวเรื่อง [ชีวโมเลกุล]
    หัวเรื่อง [ชีวเคมี]

BibComment


ยังไม่เคยถูกคอมเมนท์

คอมเมนท์ทรัพยากรรายการนี้
  คอมเมนท์: ชีวโมเลกุล สุกัญ..


 Copyright 2026. Bcnsprnw @Library